Analýza a klasifikácia dokumentov podľa jednotlivých zvyklostí a pravidiel pre dokumentárne akreditívy.
Podstata dokumentárneho akreditívu. Akreditívne dokumenty podľa JZP. Námorný konosament. Klasifikácia konosamentu. Skladový list. Medzinárodný cestný nákladný list. Dokumenty kombinovanej dopravy. Dopravné dokumenty vystavené špeditérmi. Poisťovacie dokumenty. Obchodné faktúry. Elektronizácia, listi...
Saved in:
| Main Author: | |
|---|---|
| Format: | Book Chapter |
| Language: | Slovak |
| Subjects: | |
| Tags: |
No Tags, Be the first to tag this record!
|
MARC
| LEADER | 00000naa a2200000 4500 | ||
|---|---|---|---|
| 001 | r047171 | ||
| 005 | 20240502071341.6 | ||
| 041 | 0 | |a slo | |
| 044 | |a SK | ||
| 245 | 1 | 0 | |a Analýza a klasifikácia dokumentov podľa jednotlivých zvyklostí a pravidiel pre dokumentárne akreditívy. |c Renáta Vokorokosová |
| 520 | |a Podstata dokumentárneho akreditívu. Akreditívne dokumenty podľa JZP. Námorný konosament. Klasifikácia konosamentu. Skladový list. Medzinárodný cestný nákladný list. Dokumenty kombinovanej dopravy. Dopravné dokumenty vystavené špeditérmi. Poisťovacie dokumenty. Obchodné faktúry. Elektronizácia, listinné akreditívne dokumenty a medzinárodné pravidlá. | ||
| 610 | 2 | 0 | |a akreditív dokumentárny |
| 610 | 2 | 0 | |a obchod medzinárodný |
| 610 | 2 | 0 | |a doprava |
| 610 | 2 | 0 | |a konosament |
| 610 | 2 | 0 | |a preprava |
| 610 | 2 | 0 | |a poistenie |
| 610 | 2 | 0 | |a faktúry |
| 610 | 2 | 0 | |a právo medzinárodné |
| 100 | 1 | |a Vokorokosová, Renáta, 1967- | |